000000092 001__ 92 000000092 005__ 20160516223231.0 000000092 0247_ $$2G:(DE-HGF)$$aG:(DE-HGF)POF2-150 000000092 035__ $$aG:(DE-HGF)POF2-150 000000092 150__ $$aTechnologie, Innovation und Gesellschaft$$xPOF II$$y2010 - 2014 000000092 371__ $$aAchim Grunwald$$machim.grunwald@kit.edu$$vHGF 000000092 372__ $$aPOF II$$s2010$$t2014 000000092 450__ $$5HGF$$a150$$wd 000000092 450__ $$aTechnologie, Innovation und Gesellschaft$$iger$$wr 000000092 450__ $$aTechnology, Innovation and Society$$ieng$$wr 000000092 5101_ $$0I:(DE-588b)5165524-X$$aHelmholtz Gemeinschaft Deutscher Forschungszentren 000000092 550__ $$0G:(DE-HGF)POF2-100$$aEnergie$$wt$$xPOF II 000000092 550__ $$0G:(DE-HGF)POF1-260$$aNachhaltige Entwicklung und Technik$$wa$$xPOF I 000000092 550__ $$0G:(DE-HGF)POF3-150$$aNachhaltige Entwicklung und Technik$$wb$$xPOF III 000000092 550__ $$0G:(DE-Juel1)FUEK481$$aTechniken, Innovation und Gesellschaft (TIG)$$d2012$$iVDB Migration$$wa 000000092 750_7 $$0V:(DE-HGF)2$$2V:(DE-HGF)$$aProgramm 000000092 751_7 $$2DE-HGF$$aIGN_4_DESY [DESY] 000000092 909CO $$ooai:juser.fz-juelich.de:92196$$pauthority$$pauthority:GRANT 000000092 909CO $$ooai:juser.fz-juelich.de:92196 000000092 980__ $$aG 000000092 980__ $$aAUTHORITY